Badly Drawn Brain - Statistics

General Stats
  • This quiz has been taken 9 times
  • The average score is 3 of 7
Answers on the Map
Answers color-coded by a green-red scale on the quiz's map according to % correct below.
 
Answer Stats
Answer % Correct
Frontal lobe
86%
Cerebellum
71%
Brainstem
43%
Occipital Lobe
43%
Parietal lobe
29%
Temporal Lobe
29%
Spinal Cord
0%
No matching quizzes found
Score Distribution
Percent of People with Each Score
Percentile by Number Answered
Your Score History
You have not taken this quiz